Personnages de fiction par couleur de cheveux - Blanc - Statistiques

Statistiques générales
  • Ce quiz a été pris 104 fois
  • Le résultat moyen est 9 sur 20
Statistiques - réponses
Par images Réponse % Correct
Albus Dumbledore
93%
Merlin
92%
Arthur
86%
Gandalf
83%
Kirua Zoldik
59%
Coco Rivera
51%
Tornade
47%
Jack Frost
45%
Maestro
43%
Satoru Gojo
43%
Coriolanus Snow
37%
Lincoln Loud
32%
Yamato
28%
Ashe
26%
Ciri
25%
Emmett Brown
25%
Nefario
21%
Kida
20%
2B
11%
Seiko Ayase
1%
Aucun quiz correspondant
Distribution des résultats
% des personnes avec chaque résultat
Percentile par nombre de réponses
Votre historique - résultats
Vous n’avez pas pris ce quiz